| 000 | 02617cgm a2200661Ia 4500 | ||
|---|---|---|---|
| 001 | ocn517970339 | ||
| 003 | OCoLC | ||
| 005 | 20241220140647.0 | ||
| 008 | 100217p20081966cau111 g vleng d | ||
| 007 | vd cvaizs | ||
| 040 |
_aVA@ _beng _cVA@ _dOCLCQ _dZCU _dOCLCF _dUINTA |
||
| 020 | _a1404939873 | ||
| 020 | _a9781404939875 | ||
| 024 | 1 | _a043396016774 | |
| 028 | 4 | 0 |
_a01677 _bSony Pictures Home Entertainment |
| 035 | _a(OCoLC)517970339 | ||
| 049 | _aUCLB | ||
| 092 | _a791.437 | ||
| 130 | 0 |
_aTrouble with angels (Motion picture : 1966) _96270394 |
|
| 245 | 1 | 4 |
_aThe trouble with angels _h[videorecording] / _cColumbia Pictures presents ; producer, William Frye ; screenplay, Blanche Hanalis ; director, Ida Lupino. |
| 250 | _aFull screen version. | ||
| 260 |
_aCulver City, CA : _bSony Pictures Home Entertainment, _cc2008. |
||
| 300 |
_a1 videodisc (111 min.) : _bsd., col. ; _c4 3/4 in. |
||
| 538 | _aDVD; dolby digital; region 1. | ||
| 511 | 1 | _aRosalind Russell, Hayley Mills, June Harding, Binnie Barnes, Gypsy Rose Lee, Camilla Sparv, Mary Wickes. | |
| 508 | _aMusic, Jerry Goldsmith. | ||
| 500 | _aVideodisc release of a 1966 motion picture. | ||
| 500 | _aTitle and credits from container. | ||
| 500 | _aBased on a novel by Jane Trahey. | ||
| 521 | 8 | _aMPAA rating: PG. | |
| 520 | _a"Delightful comedy about two mischievous students who turn a convent school upside-down with their pranks"--Container. | ||
| 546 | _aClosed-captioned. | ||
| 650 | 0 |
_aConvents _vDrama. _95753846 |
|
| 650 | 0 |
_aCatholic schools _vDrama. _96378654 |
|
| 650 | 7 |
_aCatholic schools. _2fast _0(OCoLC)fst00849235 _96270396 |
|
| 650 | 7 |
_aConvents. _2fast _0(OCoLC)fst00877187 _96270397 |
|
| 655 | 7 |
_aFeature films. _2lcgft _96270398 |
|
| 655 | 7 |
_aComedy films. _2lcgft _96270399 |
|
| 655 | 7 |
_aVideo recordings for the hearing impaired. _2lcgft _96270400 |
|
| 655 | 7 |
_aDrama. _2fast _0(OCoLC)fst01423879 _96270401 |
|
| 700 | 1 |
_aLupino, Ida, _d1918-1995. _911253 |
|
| 700 | 1 |
_aFrye, William. _96270402 |
|
| 700 | 1 |
_aHanalis, Blanche. _959583 |
|
| 700 | 1 |
_aRussell, Rosalind. _928540 |
|
| 700 | 1 |
_aMills, Hayley. _939966 |
|
| 700 | 1 |
_aHarding, June. _96270403 |
|
| 700 | 1 |
_aBarnes, Binnie, _d1903-1998. _96270404 |
|
| 700 | 1 |
_aLee, Gypsy Rose, _d1914-1970. _918602 |
|
| 700 | 1 |
_aSparv, Camilla, _d1943- _942306 |
|
| 700 | 1 |
_aWickes, Mary, _d1910-1995. _913503 |
|
| 700 | 1 |
_aGoldsmith, Jerry. _99378 |
|
| 700 | 1 |
_aTrahey, Jane. _913043 |
|
| 710 | 2 |
_aColumbia Pictures. _923896 |
|
| 710 | 2 |
_aSony Pictures Home Entertainment (Firm) _971947 |
|
| 942 |
_cDVD _0302 |
||
| 994 |
_aC0 _bUINTA |
||
| 998 | _aa185511 | ||
| 999 |
_c109732 _d109732 |
||